Normal view MARC view

Entry Meeting Name

Number of records used in: 1

001 - CONTROL NUMBER

  • control field: 22912

003 - CONTROL NUMBER IDENTIFIER

  • control field: OSt

005 - DATE AND TIME OF LATEST TRANSACTION

  • control field: 20211105134710.0

008 - FIXED-LENGTH DATA ELEMENTS

  • fixed length control field: 211105|| aca||aabn | a|a d

040 ## - CATALOGING SOURCE

  • Original cataloging agency: OSt
  • Transcribing agency: OSt

111 ## - HEADING--MEETING NAME

  • Meeting name or jurisdiction name as entry element: General Assembly of the International Astronomical Union
  • Number of part/section/meeting: 23rd
  • Location of meeting: Japan
  • Date of meeting or treaty signing: 1997 Aug. 22-23

670 ## - SOURCE DATA FOUND

  • Source citation: Work cat.: (OSt): General Assembly of the International Astronomical Union 23rd Japan 1997 Aug. 22-23, Preserving the astronomical windows, 1998

Powered by Koha